000 00699cam a2200241 4500500
005 20260405003403.0
041 _afre
042 _adc
100 1 0 _aEnjalbert, Cédric
_eauthor
245 0 0 _a“Georgia O’Keeffe”. Georgia, on kiffe !
260 _c2021.
500 _a8
690 _aAmérique
690 _aBeauté
690 _aEmerson
690 _aÉtats-Unis
690 _aHenry David Thoreau
690 _aNature
690 _apaysage
690 _aTranscendantalisme
786 0 _nPhilosophie magazine | 153 | 10 | 2021-10-01 | p. 79-80 | 1951-1787
856 4 1 _uhttps://shs.cairn.info/magazine-philosophie-magazine-2021-10-page-79?lang=fr&redirect-ssocas=7080
999 _c2067021
_d2067021